000 01091nam a2200289 i 4500
003 EG-GICUC
005 20260429193956.0
008 260429s1994 fr ||||fr|||| 000 0 fre d
040 _aEG-GiCUC
_bfre
_cEG-GiCUC
_dEG-GiCUC
_erda
082 0 4 _221
_a343.425
_bUN . L
092 0 4 _221
099 _aLaw1 10 343.425 UN . L 1994
111 _aUniversité De Droit, D'économie Et Des Sciences D'aix-marseille
245 1 0 _aLiberté De La Presse Et Droit Pénal :
_bXiièmes Journées De L'association Française De Droit Pénal en Hommage AU Doyen Fernand Boulan /
_cUniversité De Droit, D'économie Et Des Sciences D'aix-marseille.
_n
264 3 _aMarseille:
_bPresses Universitaires D'aix-marseille,
_c1994.
300 _a336pages :
_billustrations,
_c24 cm
336 _2rda content
_atext
337 _2rda media
_aComputer
338 _2rda carrier
_aOnline Resource
504 _a
546 _aTexte en français
650 1 4 _aDroit pénal
_2
651 1 _2
856 4 0 _uhttps://fll.law.cu.edu.eg/fulltext/bks/B10-10861.pdf
905 _a50
942 _2ddc
_cBK
_e21
_n0
999 _c74331
_d74331